| 1 | 7 | 0 | 2 | 85 | 60 | 122.25 | 2 | 8 |
Science - Physics | 1 | 4 | 1 | 0 | 50 | 68 | 87.40 | 4 | 5 |
History - American History | 1 | 3 | 0 | 0 | 45 | 24 | 67.25 | 2 | 4 |
Literature - British Literature | 1 | 3 | 0 | 1 | 45 | 69 | 118.25 | 1 | 4 |
Social Science | 0 | 4 | 0 | 0 | 40 | 85 | 104.75 | 4 | 4 |
Literature - European Literature | 0 | 3 | 0 | 0 | 30 | 99 | 124.67 | 0 | 3 |
Beliefs | 0 | 3 | 0 | 0 | 30 | 99 | 113.33 | 1 | 3 |
History - European History | 2 | 0 | 1 | 0 | 25 | 31 | 41.00 | 1 | 2 |
Other Science: Computer Science | 0 | 2 | 0 | 0 | 20 | 105 | 110.50 | 0 | 2 |
Fine Arts - Auditory Fine Arts | 0 | 2 | 0 | 0 | 20 | 108 | 121.50 | 1 | 2 |
Current Events | 0 | 2 | 0 | 0 | 20 | 78 | 97.00 | 2 | 2 |
Fine Arts - Visual Fine Arts | 0 | 1 | 0 | 0 | 10 | 145 | 145.00 | 0 | 1 |
Other Academic | 0 | 1 | 0 | 0 | 10 | 78 | 78.00 | 1 | 1 |
Other Science: Astronomy | 0 | 1 | 0 | 0 | 10 | 83 | 83.00 | 0 | 1 |
Other Science: Math | 0 | 1 | 0 | 0 | 10 | 130 | 130.00 | 0 | 1 |
Science - Biology | 0 | 1 | 0 | 0 | 10 | 123 | 123.00 | 0 | 1 |
History - World History | 0 | 1 | 1 | 0 | 5 | 89 | 89.00 | 1 | 1 |
Literature - American Literature | 0 | 1 | 1 | 0 | 5 | 100 | 100.00 | 0 | 1 |
Philosophy | 0 | 1 | 1 | 0 | 5 | 132 | 132.00 | 0 | 1 |
Other Science: Earth Science | 0 | 1 | 1 | 1 | 5 | 143 | 143.00 | 1 | 1 |
Other Arts: Auditory | 0 | 1 | 1 | 0 | 5 | 142 | 142.00 | 1 | 1 |
Geography | 0 | 1 | 2 | 0 | 0 | 118 | 118.00 | 1 | 1 |
Chemistry> | 0 | 0 | 1 | 0 | -5 | | 0.00 | 0 | 0 |